[Event "2015 US Junior Closed Championship"]
[Site "Chess Club and Scholastic Center of Saint Louis"]
[Date "2015.07.08"]
[Round "2.4"]
[White "Shen, Arthur"]
[Black "Li, Ruifeng"]
[Result "1-0"]
[LiveChessVersion "1.4.6"]
[BlackElo "2502"]
[WhiteElo "2477"]

1. e4 {[%clk 1:30:57]} c5 {[%clk 1:30:55]} 2. Nf3 {[%clk 1:31:22]} d6
{[%clk 1:31:21]} 3. d4 {[%clk 1:31:45]} cxd4 {[%clk 1:31:48]} 4. Nxd4
{[%clk 1:32:08]} Nf6 {[%clk 1:32:14]} 5. Nc3 {[%clk 1:32:28]} a6 {[%clk 1:32:42]}
6. h3 {[%clk 1:32:51]} e6 {[%clk 1:32:25]} 7. g4 {[%clk 1:33:15]} Nfd7
{[%clk 1:32:51]} 8. g5 {[%clk 1:33:27]} b5 {[%clk 1:27:18]} 9. a3
{[%clk 1:33:11]} Bb7 {[%clk 1:27:29]} 10. Be3 {[%clk 1:33:08]} Be7
{[%clk 1:24:22]} 11. h4 {[%clk 1:30:31]} Nc6 {[%clk 1:22:41]} 12. Qd2
{[%clk 1:24:19]} Nde5 {[%clk 1:17:44]} 13. Be2 {[%clk 1:14:23]} O-O
{[%clk 1:16:33]} 14. f4 {[%clk 1:06:20]} Nc4 {[%clk 1:14:59]} 15. Bxc4
{[%clk 1:06:37]} bxc4 {[%clk 1:15:26]} 16. O-O-O {[%clk 1:02:48]} Rb8
{[%clk 1:12:02]} 17. h5 {[%clk 0:59:20]} Qa5 {[%clk 1:05:11]} 18. Rdg1
{[%clk 0:48:31]} Nxd4 {[%clk 0:57:26]} 19. Bxd4 {[%clk 0:48:18]} e5
{[%clk 0:57:51]} 20. Ba7 {[%clk 0:47:16]} Ra8 {[%clk 0:54:48]} 21. Be3
{[%clk 0:44:42]} d5 {[%clk 0:53:51]} 22. exd5 {[%clk 0:37:47]} Rad8
{[%clk 0:48:20]} 23. fxe5 {[%clk 0:36:20]} Bxd5 {[%clk 0:44:05]} 24. Nxd5
{[%clk 0:36:44]} Qxd5 {[%clk 0:43:03]} 25. Qc3 {[%clk 0:36:05]} Qe4
{[%clk 0:40:23]} 26. h6 {[%clk 0:32:26]} Rd5 {[%clk 0:36:21]} 27. e6
{[%clk 0:31:11]} Qe5 {[%clk 0:35:20]} 28. hxg7 {[%clk 0:30:36]} Rfd8
{[%clk 0:35:09]} 29. exf7+ {[%clk 0:27:04]} Kxf7 {[%clk 0:35:33]} 30. Qxe5
{[%clk 0:26:11]} Rxe5 {[%clk 0:35:57]} 31. Bd2 {[%clk 0:26:07]} Red5
{[%clk 0:32:45]} 32. Rxh7 {[%clk 0:22:03]} Rxd2 {[%clk 0:32:29]} 33. g8=Q+
{[%clk 0:22:22]} Kxg8 {[%clk 0:32:51]} 34. Rxe7 {[%clk 0:22:48]} Rh2
{[%clk 0:26:34]} 35. Rc7 {[%clk 0:22:40]} Rh4 {[%clk 0:26:22]} 36. Kb1
{[%clk 0:20:33]} Rd6 {[%clk 0:25:11]} 37. g6 {[%clk 0:19:31]} Rd8
{[%clk 0:25:00]} 38. g7 {[%clk 0:19:18]} a5 {[%clk 0:25:19]} 39. Ka2
{[%clk 0:17:49]} a4 {[%clk 0:25:32]} 40. Rg5 {[%clk 0:47:47]} Rb8
{[%clk 0:53:54]} 41. Rgc5 {[%clk 0:46:52]} Rd8 {[%clk 0:53:43]} 42. Rxc4
{[%clk 0:46:59]} Rb8 {[%clk 0:54:08]} 43. Rc8+ {[%clk 0:46:54]} Rxc8
{[%clk 0:54:32]} 44. Rxh4 {[%clk 0:47:18]} Kxg7 {[%clk 0:54:55]} 45. Rxa4
{[%clk 0:47:44]} Rxc2 {[%clk 0:55:20]} 46. Rf4 {[%clk 0:48:10]} 1-0

[Event "2015 US Junior Closed Championship"]
[Site "Chess Club and Scholastic Center of Saint Louis"]
[Date "2015.07.08"]
[Round "2.5"]
[White "Harmon-Vellotti, Luke"]
[Black "Liou, Yian"]
[Result "1/2-1/2"]
[LiveChessVersion "1.4.6"]
[BlackElo "2501"]
[WhiteElo "2526"]

1. e4 {[%clk 1:30:55]} e5 {[%clk 1:30:55]} 2. Nf3 {[%clk 1:31:18]} Nc6
{[%clk 1:31:21]} 3. Bb5 {[%clk 1:31:42]} a6 {[%clk 1:31:47]} 4. Ba4
{[%clk 1:32:01]} Nf6 {[%clk 1:32:12]} 5. O-O {[%clk 1:32:04]} Be7
{[%clk 1:32:33]} 6. Re1 {[%clk 1:31:53]} b5 {[%clk 1:32:59]} 7. Bb3
{[%clk 1:32:16]} d6 {[%clk 1:33:26]} 8. c3 {[%clk 1:32:14]} O-O {[%clk 1:33:50]}
9. h3 {[%clk 1:31:53]} Nb8 {[%clk 1:34:07]} 10. d4 {[%clk 1:27:26]} Nbd7
{[%clk 1:33:07]} 11. Nbd2 {[%clk 1:26:06]} Bb7 {[%clk 1:33:33]} 12. Bc2
{[%clk 1:24:07]} Re8 {[%clk 1:33:39]} 13. Nf1 {[%clk 1:22:44]} Bf8
{[%clk 1:34:06]} 14. Ng3 {[%clk 1:22:45]} g6 {[%clk 1:34:32]} 15. a4
{[%clk 1:18:39]} c5 {[%clk 1:34:46]} 16. b3 {[%clk 1:03:28]} cxd4
{[%clk 1:12:50]} 17. cxd4 {[%clk 1:03:42]} exd4 {[%clk 1:07:16]} 18. Bb2
{[%clk 0:58:12]} bxa4 {[%clk 1:05:56]} 19. bxa4 {[%clk 0:47:33]} Nc5
{[%clk 0:55:11]} 20. Qxd4 {[%clk 0:33:26]} Bg7 {[%clk 0:55:09]} 21. e5
{[%clk 0:32:35]} Nd5 {[%clk 0:53:22]} 22. Qd2 {[%clk 0:24:15]} Nb6
{[%clk 0:46:59]} 23. Qf4 {[%clk 0:16:29]} Ne6 {[%clk 0:40:05]} 24. Qb4 Bxf3
{[%clk 0:34:37]} 25. gxf3 {[%clk 0:13:31]} Ng5 {[%clk 0:30:02]} 26. Red1
{[%clk 0:11:00]} Nxf3+ {[%clk 0:23:39]} 27. Kg2 {[%clk 0:10:33]} a5
{[%clk 0:23:22]} 28. Qxd6 {[%clk 0:04:20]} Nh4+ {[%clk 0:18:03]} 29. Kh2
{[%clk 0:03:02]} Nc4 {[%clk 0:14:58]} 30. Qxd8 {[%clk 0:03:20]} Raxd8
{[%clk 0:15:20]} 31. Rxd8 {[%clk 0:03:33]} Rxd8 {[%clk 0:15:48]} 32. Bc3
{[%clk 0:03:21]} Bxe5 {[%clk 0:14:30]} 33. Bxe5 {[%clk 0:03:41]} Nxe5
{[%clk 0:12:28]} 34. Rd1 {[%clk 0:04:04]} Rc8 {[%clk 0:08:58]} 35. Be4
{[%clk 0:02:28]} Rc4 {[%clk 0:08:37]} 36. Ra1 {[%clk 0:02:52]} Rd4
{[%clk 0:08:14]} 37. Kg1 {[%clk 0:02:55]} Kg7 {[%clk 0:07:20]} 38. Kf1
{[%clk 0:02:59]} f5 {[%clk 0:07:38]} 39. Bc2 {[%clk 0:02:49]} Rd2
{[%clk 0:06:47]} 40. Rc1 {[%clk 0:32:18]} Nhf3 {[%clk 0:34:22]} 41. Bd1
{[%clk 0:28:50]} Nd4 {[%clk 0:28:47]} 42. Ke1 {[%clk 0:27:30]} Nef3+
{[%clk 0:23:00]} 43. Bxf3 {[%clk 0:27:10]} Nxf3+ {[%clk 0:23:24]} 44. Kf1
{[%clk 0:27:37]} Ra2 {[%clk 0:22:51]} 45. Rc3 {[%clk 0:25:34]} Ra1+
{[%clk 0:21:16]} 46. Kg2 {[%clk 0:23:19]} Nh4+ {[%clk 0:21:17]} 47. Kh2
{[%clk 0:23:46]} Rxa4 {[%clk 0:21:40]} 48. Ne2 {[%clk 0:23:59]} f4
{[%clk 0:16:57]} 49. Rc7+ {[%clk 0:23:38]} Kh6 {[%clk 0:16:50]} 50. Nc3
{[%clk 0:23:41]} Rd4 {[%clk 0:16:55]} 51. Ra7 {[%clk 0:23:37]} Rc4
{[%clk 0:14:12]} 52. Nd5 {[%clk 0:23:52]} Rc2 {[%clk 0:13:50]} 53. Nxf4
{[%clk 0:22:40]} Ra2 {[%clk 0:10:52]} 54. Nd5 {[%clk 0:19:22]} Rxf2+
{[%clk 0:09:56]} 55. Kg3 {[%clk 0:19:41]} Rg2+ {[%clk 0:10:24]} 56. Kf4
{[%clk 0:20:07]} g5+ {[%clk 0:08:47]} 57. Ke5 {[%clk 0:16:12]} Re2+
{[%clk 0:08:54]} 58. Kd6 {[%clk 0:16:09]} Nf5+ {[%clk 0:08:05]} 59. Kd7
{[%clk 0:13:42]} Rd2 {[%clk 0:04:12]} 60. Ra6+ {[%clk 0:13:33]} Kh5
{[%clk 0:03:29]} 61. Ke6 {[%clk 0:13:32]} Nd4+ {[%clk 0:03:49]} 62. Kf7
{[%clk 0:13:07]} Kh4 {[%clk 0:01:52]} 63. Rxa5 {[%clk 0:12:15]} Kxh3
{[%clk 0:01:51]} 64. Nf6 {[%clk 0:12:33]} h6 {[%clk 0:01:45]} 65. Kg6
{[%clk 0:12:56]} Rf2 {[%clk 0:02:06]} 66. Ne4 {[%clk 0:13:22]} Rf4
{[%clk 0:02:06]} 67. Nxg5+ {[%clk 0:13:47]} hxg5 {[%clk 0:02:32]} 68. Rxg5
{[%clk 0:13:58]} Nf3 {[%clk 0:02:46]} 69. Ra5 {[%clk 0:13:53]} Kg4
{[%clk 0:03:05]} 70. Rc5 {[%clk 0:13:32]} Nd4 {[%clk 0:02:57]} 71. Rg5+
{[%clk 0:13:58]} Kf3 {[%clk 0:03:24]} 72. Re5 {[%clk 0:13:54]} Rf8
{[%clk 0:02:24]} 73. Kg7 {[%clk 0:14:19]} Rd8 {[%clk 0:02:45]} 74. Re1
{[%clk 0:13:26]} Kf4 {[%clk 0:02:48]} 75. Rf1+ {[%clk 0:13:48]} Ke5
{[%clk 0:03:02]} 76. Re1+ {[%clk 0:14:14]} Kd5 {[%clk 0:03:26]} 77. Kf7
{[%clk 0:14:25]} Rd6 {[%clk 0:03:36]} 78. Ra1 {[%clk 0:14:15]} Rh6
{[%clk 0:03:39]} 79. Ra5+ {[%clk 0:14:24]} Kd6 {[%clk 0:04:03]} 80. Ra1
{[%clk 0:13:39]} Rh4 {[%clk 0:03:21]} 81. Ra6+ {[%clk 0:11:40]} Nc6
{[%clk 0:03:49]} 82. Kf6 {[%clk 0:11:37]} Rf4+ {[%clk 0:04:09]} 83. Kg5
{[%clk 0:12:00]} Rf1 {[%clk 0:04:27]} 84. Ra2 {[%clk 0:11:58]} Ne7
{[%clk 0:03:41]} 85. Kg4 {[%clk 0:11:47]} Nd5 {[%clk 0:03:39]} 86. Kg3
{[%clk 0:12:10]} Ke5 {[%clk 0:03:46]} 87. Re2+ {[%clk 0:12:19]} Kd4
{[%clk 0:03:59]} 88. Ra2 {[%clk 0:12:34]} Nc3 {[%clk 0:03:43]} 89. Ra8
{[%clk 0:12:56]} Ne4+ {[%clk 0:02:59]} 90. Kg4 {[%clk 0:13:22]} Nf6+
{[%clk 0:02:47]} 91. Kg3 {[%clk 0:13:29]} Ke5 {[%clk 0:02:38]} 92. Ra5+
{[%clk 0:13:55]} Nd5 {[%clk 0:03:00]} 93. Ra8 {[%clk 0:14:18]} Rf7
{[%clk 0:02:38]} 94. Ra1 {[%clk 0:14:00]} Rf8 {[%clk 0:02:39]} 95. Re1+
{[%clk 0:14:19]} Kd4 {[%clk 0:02:57]} 96. Ra1 {[%clk 0:14:46]} Nc3
{[%clk 0:03:12]} 97. Kg4 {[%clk 0:14:42]} Rf7 {[%clk 0:02:31]} 98. Ra8
{[%clk 0:14:50]} Rf1 {[%clk 0:02:29]} 99. Rd8+ {[%clk 0:14:19]} Ke3
{[%clk 0:02:45]} 100. Kg5 {[%clk 0:14:43]} Ne4+ {[%clk 0:03:05]} 101. Kg6
{[%clk 0:15:08]} Rg1+ {[%clk 0:02:33]} 102. Kf7 {[%clk 0:15:26]} Kf4
{[%clk 0:02:54]} 103. Ra8 {[%clk 0:15:31]} Rb1 {[%clk 0:02:18]} 104. Ra4
{[%clk 0:15:18]} Rb5 {[%clk 0:02:32]} 105. Ra1 {[%clk 0:15:30]} Kf5
{[%clk 0:02:45]} 106. Rf1+ {[%clk 0:15:52]} Ke5 {[%clk 0:03:12]} 107. Re1
{[%clk 0:16:07]} Rb2 {[%clk 0:02:08]} 108. Kg6 {[%clk 0:15:36]} Rf2
{[%clk 0:02:00]} 109. Kg7 {[%clk 0:14:55]} Kf5 {[%clk 0:01:40]} 110. Ra1
{[%clk 0:13:55]} Nd6 {[%clk 0:01:45]} 111. Rg1 {[%clk 0:14:05]} Rf3
{[%clk 0:01:39]} 112. Rg2 {[%clk 0:13:53]} Rf1 {[%clk 0:01:50]} 113. Rg3
{[%clk 0:13:46]} Kf4 {[%clk 0:01:23]} 114. Ra3 {[%clk 0:14:04]} Kg5
{[%clk 0:01:27]} 115. Rg3+ {[%clk 0:13:58]} Kh5 {[%clk 0:01:36]} 116. Rg2
{[%clk 0:14:21]} Nf5+ {[%clk 0:01:53]} 117. Kh7 {[%clk 0:14:44]} Ra1
{[%clk 0:02:08]} 118. Rh2+ 1/2-1/2

[Event "2015 US Junior Closed Championship"]
[Site "Chess Club and Scholastic Center of Saint Louis"]
[Date "2015.07.09"]
[Round "3.1"]
[White "Liou, Yian"]
[Black "Chandra, Akshat"]
[Result "1/2-1/2"]
[LiveChessVersion "1.4.6"]
[BlackElo "2589"]
[WhiteElo "2501"]

1. e4 {[%clk 1:30:58]} c5 {[%clk 1:30:52]} 2. Nf3 {[%clk 1:31:25]} d6
{[%clk 1:31:18]} 3. d4 {[%clk 1:31:48]} cxd4 {[%clk 1:31:42]} 4. Nxd4
{[%clk 1:32:15]} Nf6 {[%clk 1:32:05]} 5. Nc3 {[%clk 1:32:42]} a6 {[%clk 1:32:29]}
6. Be3 {[%clk 1:33:09]} e6 {[%clk 1:32:10]} 7. Be2 {[%clk 1:33:35]} Qc7
{[%clk 1:32:09]} 8. Qd2 {[%clk 1:33:14]} b5 {[%clk 1:31:20]} 9. a3
{[%clk 1:33:43]} Bb7 {[%clk 1:30:42]} 10. f3 {[%clk 1:34:11]} Nc6
{[%clk 1:26:38]} 11. Nxc6 {[%clk 1:31:36]} Bxc6 {[%clk 1:26:09]} 12. g4
{[%clk 1:28:34]} h6 {[%clk 1:15:37]} 13. Rg1 {[%clk 1:21:44]} d5 {[%clk 1:09:43]}
14. exd5 {[%clk 1:10:13]} Nxd5 {[%clk 1:09:51]} 15. Nxd5 {[%clk 1:10:23]} Bxd5
{[%clk 1:10:12]} 16. f4 {[%clk 1:06:29]} Be7 {[%clk 0:57:44]} 17. O-O-O
{[%clk 1:05:14]} O-O {[%clk 0:49:56]} 18. Bd4 {[%clk 1:02:52]} Rfd8
{[%clk 0:47:27]} 19. Qe3 {[%clk 0:56:53]} Rac8 {[%clk 0:39:56]} 20. c3
{[%clk 0:51:33]} Bc4 {[%clk 0:27:53]} 21. Bb6 {[%clk 0:43:56]} Rxd1+
{[%clk 0:24:41]} 22. Rxd1 {[%clk 0:44:23]} Qc6 {[%clk 0:20:07]} 23. Bf3
{[%clk 0:43:20]} Bd5 {[%clk 0:19:16]} 24. Bxd5 {[%clk 0:42:32]} exd5
{[%clk 0:19:44]} 25. Bd4 {[%clk 0:32:24]} Bd6 {[%clk 0:18:53]} 26. Qf3
{[%clk 0:24:39]} a5 {[%clk 0:13:39]} 27. g5 {[%clk 0:24:00]} hxg5
{[%clk 0:10:34]} 28. fxg5 {[%clk 0:24:24]} Be7 {[%clk 0:05:33]} 29. h4
{[%clk 0:22:42]} b4 {[%clk 0:05:48]} 30. axb4 {[%clk 0:21:50]} axb4
{[%clk 0:06:17]} 31. Rf1 {[%clk 0:20:03]} Qe6 {[%clk 0:06:09]} 32. Qf5
{[%clk 0:17:36]} 1/2-1/2

[Event "2015 US Junior Closed Championship"]
[Site "Chess Club and Scholastic Center of Saint Louis"]
[Date "2015.07.09"]
[Round "3.2"]
[White "Li, Ruifeng"]
[Black "Harmon-Vellotti, Luke"]
[Result "1/2-1/2"]
[LiveChessVersion "1.4.6"]
[BlackElo "2526"]
[WhiteElo "2502"]

1. e4 {[%clk 1:30:58]} e6 {[%clk 1:30:51]} 2. d4 {[%clk 1:31:19]} d5
{[%clk 1:31:06]} 3. Nd2 {[%clk 1:31:41]} c5 {[%clk 1:31:12]} 4. exd5
{[%clk 1:32:05]} exd5 {[%clk 1:31:21]} 5. Ngf3 {[%clk 1:32:28]} Nc6
{[%clk 1:31:07]} 6. Bb5 {[%clk 1:32:38]} Bd6 {[%clk 1:30:38]} 7. dxc5
{[%clk 1:33:00]} Bxc5 {[%clk 1:30:44]} 8. O-O {[%clk 1:33:20]} Nge7
{[%clk 1:30:41]} 9. Nb3 {[%clk 1:33:39]} Bd6 {[%clk 1:30:40]} 10. c3
{[%clk 1:34:02]} O-O {[%clk 1:30:30]} 11. Bd3 {[%clk 1:34:27]} f6
{[%clk 1:15:41]} 12. Nbd4 {[%clk 1:28:57]} a6 {[%clk 1:09:23]} 13. Qc2
{[%clk 1:22:16]} h6 {[%clk 1:03:49]} 14. Re1 {[%clk 1:15:20]} Qc7
{[%clk 0:52:23]} 15. h3 {[%clk 1:11:04]} Bd7 {[%clk 0:46:55]} 16. Be3
{[%clk 0:57:17]} Ne5 {[%clk 0:42:43]} 17. Bf1 {[%clk 0:50:18]} Rfe8
{[%clk 0:40:41]} 18. Rad1 {[%clk 0:49:49]} Rac8 {[%clk 0:38:36]} 19. Nh4
{[%clk 0:44:27]} N7c6 {[%clk 0:31:44]} 20. Ndf5 {[%clk 0:36:24]} Bf8
{[%clk 0:30:47]} 21. Ng3 {[%clk 0:34:56]} Be6 {[%clk 0:28:12]} 22. Nhf5
{[%clk 0:30:59]} Bf7 {[%clk 0:25:53]} 23. Qc1 {[%clk 0:29:57]} Rcd8
{[%clk 0:21:09]} 24. Be2 {[%clk 0:27:54]} Kh8 {[%clk 0:18:07]} 25. Nd4
{[%clk 0:20:42]} Nc4 {[%clk 0:16:10]} 26. Bf4 {[%clk 0:19:38]} Qb6
{[%clk 0:16:36]} 27. Nxc6 {[%clk 0:18:44]} Qxc6 {[%clk 0:16:16]} 28. Nf5
{[%clk 0:17:02]} Qb6 {[%clk 0:15:02]} 29. Bxc4 {[%clk 0:11:53]} dxc4
{[%clk 0:15:23]} 30. Rxe8 {[%clk 0:12:13]} Bxe8 {[%clk 0:11:29]} 31. Rxd8
{[%clk 0:12:11]} Qxd8 {[%clk 0:11:55]} 32. Qe3 {[%clk 0:12:29]} Bc6
{[%clk 0:11:49]} 33. Nd4 {[%clk 0:11:49]} Bc5 {[%clk 0:10:58]} 34. Kh2
{[%clk 0:10:02]} Qd5 {[%clk 0:09:56]} 35. f3 {[%clk 0:10:24]} Kh7
{[%clk 0:08:50]} 36. Qd2 {[%clk 0:09:31]} Be8 {[%clk 0:07:30]} 37. Qe3
{[%clk 0:08:29]} Bf7 {[%clk 0:06:32]} 38. a3 {[%clk 0:06:24]} b5 {[%clk 0:05:47]}
39. Qd2 {[%clk 0:06:06]} Kg8 {[%clk 0:04:34]} 40. Bg3 {[%clk 0:35:51]} g5
{[%clk 0:33:41]} 41. Qc2 {[%clk 0:33:14]} Bxd4 {[%clk 0:25:28]} 42. cxd4
{[%clk 0:33:38]} Qxd4 {[%clk 0:25:51]} 43. Qc3 {[%clk 0:33:11]} Qd8
{[%clk 0:23:35]} 44. Be1 {[%clk 0:32:16]} Kg7 {[%clk 0:23:18]} 45. Qe3
{[%clk 0:32:15]} Qd6+ {[%clk 0:23:09]} 46. Kg1 {[%clk 0:32:27]} Qd1
{[%clk 0:22:37]} 47. Kh2 {[%clk 0:32:38]} Qd6+ {[%clk 0:22:41]} 48. Kg1
{[%clk 0:33:03]} Qe5 {[%clk 0:22:52]} 49. Qxe5 {[%clk 0:32:59]} fxe5
{[%clk 0:23:20]} 50. Bc3 {[%clk 0:33:22]} Kf6 {[%clk 0:23:49]} 51. Kf2
{[%clk 0:33:46]} 1/2-1/2

[Event "2015 US Junior Closed Championship"]
[Site "Chess Club and Scholastic Center of Saint Louis"]
[Date "2015.07.09"]
[Round "3.3"]
[White "Xiong, Jeffery"]
[Black "Shen, Arthur"]
[Result "1-0"]
[LiveChessVersion "1.4.6"]
[BlackElo "2477"]
[WhiteElo "2606"]

1. e4 {[%clk 1:30:57]} c5 {[%clk 1:30:56]} 2. Nf3 {[%clk 1:31:22]} d6
{[%clk 1:31:19]} 3. d4 {[%clk 1:31:49]} cxd4 {[%clk 1:31:41]} 4. Nxd4
{[%clk 1:32:16]} Nf6 {[%clk 1:32:01]} 5. Nc3 {[%clk 1:32:43]} a6 {[%clk 1:32:25]}
6. g3 {[%clk 1:33:09]} e5 {[%clk 1:32:21]} 7. Nde2 {[%clk 1:33:34]} Be7
{[%clk 1:29:47]} 8. Bg2 {[%clk 1:33:59]} O-O {[%clk 1:28:30]} 9. a4
{[%clk 1:33:18]} Be6 {[%clk 1:15:31]} 10. h3 {[%clk 1:33:27]} Nbd7
{[%clk 1:13:27]} 11. g4 {[%clk 1:31:40]} Nb6 {[%clk 1:05:04]} 12. Bg5
{[%clk 1:02:12]} Rc8 {[%clk 0:53:37]} 13. O-O {[%clk 1:00:56]} h6
{[%clk 0:48:43]} 14. Be3 {[%clk 1:00:40]} Nc4 {[%clk 0:42:56]} 15. Bc1
{[%clk 1:00:52]} Nb6 {[%clk 0:43:16]} 16. f4 {[%clk 0:58:33]} exf4
{[%clk 0:36:24]} 17. Nxf4 {[%clk 0:58:52]} Nc4 {[%clk 0:35:53]} 18. Kh1
{[%clk 0:53:59]} Qb6 {[%clk 0:33:36]} 19. Qe1 {[%clk 0:52:56]} Rfe8
{[%clk 0:32:39]} 20. Qg3 {[%clk 0:48:09]} Qc5 {[%clk 0:29:30]} 21. Nd3
{[%clk 0:47:40]} Qb6 {[%clk 0:27:50]} 22. Rb1 {[%clk 0:40:25]} Nd7
{[%clk 0:26:15]} 23. Nf4 {[%clk 0:40:02]} Qa5 {[%clk 0:23:45]} 24. Nfd5
{[%clk 0:30:05]} Bg5 {[%clk 0:17:01]} 25. h4 {[%clk 0:26:59]} Bxc1
{[%clk 0:17:19]} 26. Rbxc1 {[%clk 0:27:22]} Bxd5 {[%clk 0:08:38]} 27. Nxd5
{[%clk 0:27:29]} Nd2 {[%clk 0:07:32]} 28. Qe1 {[%clk 0:19:08]} Nc4
{[%clk 0:06:31]} 29. Qg3 {[%clk 0:19:10]} Nd2 {[%clk 0:06:48]} 30. Rf5
{[%clk 0:16:26]} Qxa4 {[%clk 0:05:05]} 31. Qf4 {[%clk 0:14:10]} Nxe4
{[%clk 0:04:52]} 32. Rf1 {[%clk 0:13:38]} Qc4 {[%clk 0:02:00]} 33. Re1
{[%clk 0:08:55]} Nef6 {[%clk 0:00:39]} 34. Rxe8+ {[%clk 0:08:49]} Nxe8
{[%clk 0:01:05]} 35. Ne7+ {[%clk 0:09:09]} Kh8 {[%clk 0:01:16]} 36. Nxc8
{[%clk 0:09:27]} Qxc8 {[%clk 0:01:43]} 37. Rxf7 {[%clk 0:09:33]} Nef6
{[%clk 0:00:44]} 38. g5 {[%clk 0:06:24]} Qe8 {[%clk 0:00:58]} 39. g6
{[%clk 0:03:11]} b6 {[%clk 0:00:50]} 40. Bf3 {[%clk 0:32:22]} Qe1+
{[%clk 0:30:37]} 41. Kg2 {[%clk 0:32:39]} Qb1 {[%clk 0:24:17]} 42. Qc4
{[%clk 0:32:16]} 1-0

[Event "2015 US Junior Closed Championship"]
[Site "Chess Club and Scholastic Center of Saint Louis"]
[Date "2015.07.09"]
[Round "3.4"]
[White "Liang, Awonder"]
[Black "Bodek, Michael"]
[Result "1-0"]
[LiveChessVersion "1.4.6"]
[BlackElo "2527"]
[WhiteElo "2428"]

1. e4 {[%clk 1:30:58]} c5 {[%clk 1:30:42]} 2. Nf3 {[%clk 1:31:16]} d6
{[%clk 1:31:05]} 3. d4 {[%clk 1:31:36]} cxd4 {[%clk 1:31:23]} 4. Nxd4
{[%clk 1:32:00]} Nf6 {[%clk 1:31:46]} 5. Nc3 {[%clk 1:32:24]} g6 {[%clk 1:32:10]}
6. Be3 {[%clk 1:32:43]} Bg7 {[%clk 1:32:33]} 7. f3 {[%clk 1:33:01]} O-O
{[%clk 1:32:40]} 8. Qd2 {[%clk 1:33:14]} Nc6 {[%clk 1:32:38]} 9. O-O-O
{[%clk 1:33:24]} d5 {[%clk 1:32:33]} 10. exd5 {[%clk 1:33:21]} Nxd5
{[%clk 1:32:54]} 11. Nxc6 {[%clk 1:33:32]} bxc6 {[%clk 1:33:16]} 12. Bd4
{[%clk 1:33:37]} e5 {[%clk 1:29:59]} 13. Bc5 {[%clk 1:33:45]} Be6
{[%clk 1:30:20]} 14. Ne4 {[%clk 1:31:14]} Re8 {[%clk 1:28:14]} 15. h4
{[%clk 1:31:03]} h6 {[%clk 1:26:38]} 16. h5 {[%clk 1:29:45]} g5 {[%clk 1:18:08]}
17. c4 {[%clk 1:29:13]} Nb6 {[%clk 1:09:42]} 18. Qc3 {[%clk 1:07:29]} Qc8
{[%clk 0:43:25]} 19. Nd6 {[%clk 0:36:24]} Qa6 {[%clk 0:41:17]} 20. Nxe8
{[%clk 0:33:24]} Rxe8 {[%clk 0:40:22]} 21. Qa3 {[%clk 0:29:26]} Qxa3
{[%clk 0:20:27]} 22. Bxa3 {[%clk 0:29:44]} Nxc4 {[%clk 0:19:14]} 23. Bc5
{[%clk 0:22:29]} Nb6 {[%clk 0:17:19]} 24. Bxb6 {[%clk 0:15:53]} axb6
{[%clk 0:17:40]} 25. b3 {[%clk 0:14:17]} b5 {[%clk 0:07:16]} 26. Bd3
{[%clk 0:14:17]} Bf8 {[%clk 0:03:49]} 27. Rhe1 {[%clk 0:12:11]} Ba3+
{[%clk 0:03:27]} 28. Kb1 {[%clk 0:12:33]} f6 {[%clk 0:03:31]} 29. g3
{[%clk 0:11:26]} Kf8 {[%clk 0:03:07]} 30. Be4 {[%clk 0:07:24]} Rc8
{[%clk 0:01:11]} 31. g4 {[%clk 0:07:21]} c5 {[%clk 0:00:37]} 32. Bd5
{[%clk 0:06:35]} Ke7 {[%clk 0:00:48]} 33. Bxe6 {[%clk 0:05:55]} Kxe6
{[%clk 0:01:16]} 34. Re3 {[%clk 0:04:14]} Bb4 {[%clk 0:00:42]} 35. Kc2
{[%clk 0:01:45]} c4 {[%clk 0:00:42]} 36. bxc4 {[%clk 0:01:58]} Rxc4+
{[%clk 0:00:51]} 37. Kb3 {[%clk 0:02:20]} Bc5 {[%clk 0:00:45]} 38. Rc3
{[%clk 0:02:27]} Rb4+ {[%clk 0:00:59]} 39. Kc2 {[%clk 0:02:27]} Bd4
{[%clk 0:01:14]} 40. Rb3 {[%clk 0:32:07]} Ra4 {[%clk 0:31:02]} 41. Kb1
{[%clk 0:29:37]} b4 {[%clk 0:29:10]} 42. Rc1 {[%clk 0:27:44]} Bc3
{[%clk 0:21:06]} 43. a3 {[%clk 0:23:57]} Kd5 {[%clk 0:13:53]} 44. axb4
{[%clk 0:22:13]} Bxb4 {[%clk 0:13:31]} 45. Rd3+ {[%clk 0:21:47]} Ke6
{[%clk 0:13:57]} 46. Rc6+ {[%clk 0:21:40]} Ke7 {[%clk 0:13:38]} 47. Rc4
{[%clk 0:21:51]} Ra3 {[%clk 0:13:30]} 48. Rc7+ {[%clk 0:18:58]} Ke6
{[%clk 0:13:54]} 49. Rc6+ {[%clk 0:18:57]} Ke7 {[%clk 0:14:17]} 50. Rxa3
{[%clk 0:19:19]} Bxa3 {[%clk 0:14:43]} 51. Kc2 {[%clk 0:19:43]} e4
{[%clk 0:13:07]} 52. fxe4 {[%clk 0:19:58]} Bd6 {[%clk 0:13:21]} 53. Kd3
{[%clk 0:20:24]} Kd7 {[%clk 0:13:41]} 54. Ra6 {[%clk 0:20:47]} Ke7
{[%clk 0:12:54]} 55. Kc4 {[%clk 0:21:03]} Ke6 {[%clk 0:13:02]} 56. Kd4
{[%clk 0:21:28]} Ke7 {[%clk 0:13:18]} 57. Kd5 {[%clk 0:21:55]} Be5
{[%clk 0:13:14]} 58. Re6+ {[%clk 0:21:39]} Kf7 {[%clk 0:13:39]} 59. Rxe5
{[%clk 0:21:43]} fxe5 {[%clk 0:14:03]} 60. Kxe5 {[%clk 0:22:10]} Ke7
{[%clk 0:14:26]} 61. Kf5 {[%clk 0:22:32]} Kf7 {[%clk 0:14:51]} 62. e5
{[%clk 0:22:55]} Ke7 {[%clk 0:15:15]} 63. Kg6 {[%clk 0:23:20]} 1-0

[Event "2015 US Junior Closed Championship"]
[Site "Chess Club and Scholastic Center of Saint Louis"]
[Date "2015.07.09"]
[Round "3.5"]
[White "Han, Curran"]
[Black "Brattain, Mika"]
[Result "1/2-1/2"]
[LiveChessVersion "1.4.6"]
[BlackElo "2457"]
[WhiteElo "2211"]

1. d4 {[%clk 1:30:57]} d5 {[%clk 1:30:49]} 2. c4 {[%clk 1:31:23]} c6
{[%clk 1:31:13]} 3. Nc3 {[%clk 1:31:45]} Nf6 {[%clk 1:31:34]} 4. Nf3
{[%clk 1:32:08]} dxc4 {[%clk 1:31:51]} 5. a4 {[%clk 1:32:33]} Bf5
{[%clk 1:31:59]} 6. e3 {[%clk 1:32:57]} e6 {[%clk 1:32:07]} 7. Bxc4
{[%clk 1:33:17]} Bb4 {[%clk 1:32:28]} 8. O-O {[%clk 1:33:39]} O-O
{[%clk 1:31:54]} 9. Nh4 {[%clk 1:27:18]} Nbd7 {[%clk 1:29:04]} 10. Nxf5
{[%clk 1:27:16]} exf5 {[%clk 1:29:32]} 11. Na2 {[%clk 1:15:26]} Bd6
{[%clk 1:28:24]} 12. b4 {[%clk 1:14:34]} Qc7 {[%clk 1:12:09]} 13. h3
{[%clk 1:10:28]} f4 {[%clk 1:05:21]} 14. exf4 {[%clk 1:08:16]} Nb6
{[%clk 1:04:30]} 15. Bb3 {[%clk 1:05:22]} Bxf4 {[%clk 1:04:31]} 16. Qf3
{[%clk 1:02:16]} Bxc1 {[%clk 1:04:35]} 17. Raxc1 {[%clk 1:02:21]} Qd7
{[%clk 0:58:25]} 18. Rfd1 {[%clk 0:58:24]} a5 {[%clk 0:51:07]} 19. bxa5
{[%clk 0:52:25]} Rxa5 {[%clk 0:45:10]} 20. Rc5 {[%clk 0:51:30]} Raa8
{[%clk 0:43:38]} 21. Nc3 {[%clk 0:50:22]} Qe7 {[%clk 0:38:30]} 22. Rf5
{[%clk 0:38:36]} Rad8 {[%clk 0:35:29]} 23. a5 {[%clk 0:34:49]} Nbd7
{[%clk 0:32:54]} 24. Bc2 {[%clk 0:23:03]} Rfe8 {[%clk 0:26:14]} 25. Rb1
{[%clk 0:21:48]} Nf8 {[%clk 0:25:55]} 26. d5 {[%clk 0:19:21]} cxd5
{[%clk 0:19:33]} 27. Nxd5 {[%clk 0:19:39]} Nxd5 {[%clk 0:19:51]} 28. Rxd5
{[%clk 0:20:05]} Rxd5 {[%clk 0:18:45]} 29. Qxd5 {[%clk 0:20:33]} Qc7
{[%clk 0:18:31]} 30. Be4 {[%clk 0:14:07]} Re5 {[%clk 0:19:07]} 31. Qxb7
{[%clk 0:14:29]} Qxb7 {[%clk 0:19:22]} 1/2-1/2